Sadachar kaustubha/ (Record no. 39057)

000 -LEADER
fixed length control field 00399nam a22001451a 4500
020 ## - INTERNATIONAL STANDARD BOOK NUMBER
ISBN 9788175700222
082 ## - DEWEY DECIMAL CLASSIFICATION NUMBER
Classification number S 306
Item number KRI/S
100 ## - MAIN ENTRY--AUTHOR NAME
Personal name Krishan Datt Shastri Vidyavachaspati
245 ## - TITLE STATEMENT
Title Sadachar kaustubha/
Statement of responsibility, etc by Krishan Datt Shastri Vidyavachaspati
260 ## - PUBLICATION, DISTRIBUTION, ETC. (IMPRINT)
Place of publication New Delhi:
Name of publisher Sooryaprabha,
Year of publication 2001.
300 ## - PHYSICAL DESCRIPTION
Number of Pages 123p.
650 ## - SUBJECT ADDED ENTRY--TOPICAL TERM
Topical Term Cultural Studies
650 ## - SUBJECT ADDED ENTRY--TOPICAL TERM
Topical Term Social Sciences
942 ## - ADDED ENTRY ELEMENTS (KOHA)
Koha item type Book
Holdings
Withdrawn status Lost status Damaged status Not for loan Permanent Location Current Location Date acquired Cost, normal purchase price Full call number Accession Number Cost, replacement price Price effective from Koha item type
        Sree Sankaracharya University of Sanskrit Sree Sankaracharya University of Sanskrit 08.01.2015 175.00 S 306 KRI/S 044672 0.00 08.01.2015 Book